000 00289 a2200145 4500
001 174851
020 _a
040 _cMagnum
100 _aLa Fontaine
240 1 0 _aA pomba e a formiga
_lpor
245 1 0 _aA pomba e a formiga
362 0 _a1899
697 _aIJ/FABULAS
942 _cBK
999 _c174851
_d174851